00834 2200265 4500001002100000005001500021035002000036007000300056008004100059100002400100245008900124250001500213300003600228020002200264082001000286084001700296260003900313500012900352990001900481990001900500990001900519990001000538990001000548990001000558INLIS00000000000558620251227113122 a0010-1120000031ta241211 0 0 aBARNAWI & M. ARIFIN1 aTEKNIK PENULISAN KARYA ILMIAH :bTAHAP PENULISAN KARYA ILMIAH /cBARNAWI & M. ARIFIN aCetakan II a228 Hlm :bilus ;c14.8 x 21 cm a978-602-313-036-8 a652.1 a652.1 BAR t aYogyakarta :bAR-RUZZ MEDIA,c2020 aMenulis belum menjadi budaya yang melekat dalam kehidupan masyarakat kita, terlebih menulis dalam bentuk karya tulis ilmiah. a05291APBD05291 a05292APBD05292 a05293APBD05293 a01398 a01400 a01399